| 000 | 00797nam a22002537a 4500 | ||
|---|---|---|---|
| 001 | BR2018000135 | ||
| 003 | BR-BrBNA | ||
| 005 | 20230928105224.0 | ||
| 007 | ta | ||
| 008 | 230509b bl.||||| |||| 00| 0 por d | ||
| 040 |
_aBR-BrBNA _bpor _cBiblioteca Nacional de Agricultura |
||
| 041 | _a(Por) | ||
| 072 | _aE14; A50 | ||
| 090 | _ E14 BR2018000135 | ||
| 110 | 1 |
_aCentro de Gestão e Estudos Estratégicos, Brasília, DF (Brasil) _91515 |
|
| 245 | 1 | _aOrganizações estaduais de pesquisa agropecuária (Oepas): estruturando instrumentos de planejamento para sua consolidação | |
| 260 | 3 |
_aBrasília, DF (Brasil): _c2009. |
|
| 300 | _a154 p. | ||
| 650 | _aDESENVOLVIMENTO AGRÍCOLA | ||
| 650 | _aPESQUISA | ||
| 650 | _aGESTÃO | ||
| 909 |
_a202309 _bLucia _c55 _dLucia Elande |
||
| 942 | _cBK | ||
| 999 |
_c84119 _d84119 |
||